000 00597nam a2200217Ia 4500
005 20260429111850.0
008 260429s9999||||xx |||||||||||||| ||und||
020 _a9789358990621
041 _aEnglish
082 _a634.6
_bRED
100 _aReddy, Vijayarakesh V.
245 0 _aTropical and subtropical fruit crops /
_cVijayarakesh V. Reddy
250 _a1st ed.
260 _aNew Delhi :
_bElite Publishing House,
_c2024.
300 _axi, 277 p.; hb
650 _a Fruit crops
650 _a Subtropical fruits
650 _a Tropical fruits
650 _aAgriculture
942 _cTB
999 _c51197
_d51197